Eastern Utah Libraries Catalog: Duchesne, Heber, Roosevelt, & Vernal

Poems & prayers / (Record no. 412357)

MARC details
000 -LEADER
fixed length control field 01862cam a2200457 i 4500
001 - CONTROL NUMBER
control field 2025021574
005 - DATE AND TIME OF LATEST TRANSACTION
control field 20251024122422.0
007 - PHYSICAL DESCRIPTION FIXED FIELD--GENERAL INFORMATION
fixed length control field t|
008 - FIXED-LENGTH DATA ELEMENTS--GENERAL INFORMATION
fixed length control field 250605s2025 nyu 000 0deng d
010 ## - LIBRARY OF CONGRESS CONTROL NUMBER
LC control number 2025021574
020 ## - INTERNATIONAL STANDARD BOOK NUMBER
International Standard Book Number 9781984862105
Qualifying information (hardcover)
020 ## - INTERNATIONAL STANDARD BOOK NUMBER
Cancelled/invalid ISBN 9781984862112
Qualifying information (ebook)
035 ## - SYSTEM CONTROL NUMBER
System control number (OCoLC)1523890581
040 ## - CATALOGING SOURCE
Original cataloging agency DLC
Language of cataloging eng
Description conventions rda
Transcribing agency DLC
Modifying agency DLC-MRC
-- TnLvILS
042 ## - AUTHENTICATION CODE
Authentication code pcc
050 00 - LIBRARY OF CONGRESS CALL NUMBER
Classification number PS3613.C379
Item number P64 2025
082 00 - DEWEY DECIMAL CLASSIFICATION NUMBER
Classification number 811/.6
Edition number 23/eng/20250611
092 ## - LOCALLY ASSIGNED DEWEY CALL NUMBER (OCLC)
Classification number general nonfiction
Item number 811.6 McConaughey, Matthew
100 1# - MAIN ENTRY--PERSONAL NAME
Personal name McConaughey, Matthew,
Dates associated with a name 1969-
Relator term author.
Relator code aut
-- http://id.loc.gov/ vocabulary/relators/aut
9 (RLIN) 63419
245 10 - TITLE STATEMENT
Title Poems & prayers /
Statement of responsibility, etc Matthew McConaughey.
246 3# - VARYING FORM OF TITLE
Title proper/short title Poems and prayers
250 ## - EDITION STATEMENT
Edition statement First edition.
264 #1 - Production, Publication, Distribution, Manufacture, and Copyright Notice.
Place of production, publication, distribution, manufacture New York :
Name of producer, publisher, distributor, manufacturer Crown,
Date of production, publication, distribution, manufacture, or copyr [2025]
300 ## - PHYSICAL DESCRIPTION
Extent 203 pages ;
Dimensions 22 cm
336 ## - Content Type
Content type term text
337 ## - Media type
Media type term unmediated
338 ## - Carrier type
Carrier type term volume
520 ## - SUMMARY, ETC.
Summary, etc "An inspiring, faith-filled, and often hilarious collection of personal poetry and prayers about navigating the rodeo of life and chasing down the original dream: belief"--
600 10 - SUBJECT ADDED ENTRY--PERSONAL NAME
Personal name McConaughey, Matthew,
Dates associated with a name 1969-
Form subdivision Poetry.
9 (RLIN) 6553289
600 10 - SUBJECT ADDED ENTRY--PERSONAL NAME
Personal name McConaughey, Matthew,
Dates associated with a name 1969-
General subdivision Religion.
9 (RLIN) 6553290
650 #0 - SUBJECT ADDED ENTRY--TOPICAL TERM
Topical term or geographic name as entry element Motion picture actors and actresses
Form subdivision Poetry.
9 (RLIN) 6553291
650 #0 - SUBJECT ADDED ENTRY--TOPICAL TERM
Topical term or geographic name as entry element Faith
Form subdivision Poetry.
9 (RLIN) 6553292
650 #0 - SUBJECT ADDED ENTRY--TOPICAL TERM
Topical term or geographic name as entry element Faith
Form subdivision Prayers and devotions.
9 (RLIN) 6553293
650 #0 - SUBJECT ADDED ENTRY--TOPICAL TERM
Topical term or geographic name as entry element Belief and doubt
Form subdivision Poetry.
9 (RLIN) 6553294
650 #0 - SUBJECT ADDED ENTRY--TOPICAL TERM
Topical term or geographic name as entry element Belief and doubt
Form subdivision Prayers and devotions.
9 (RLIN) 6553295
650 #0 - SUBJECT ADDED ENTRY--TOPICAL TERM
Topical term or geographic name as entry element American poetry
Chronological subdivision 21st century.
9 (RLIN) 5714403
650 #0 - SUBJECT ADDED ENTRY--TOPICAL TERM
Topical term or geographic name as entry element Prayers.
655 #7 - INDEX TERM--GENRE/FORM
Genre/form data or focus term Poetry.
Source of term lcgft
9 (RLIN) 5675412
776 1# - ADDITIONAL PHYSICAL FORM ENTRY
Display text Online version
Main entry heading McConaughey, Matthew, 1969-
Title Poems & prayers
Edition First edition
Place, publisher, and date of publication New York : Crown, [2025]
International Standard Book Number 9781984862112
Record control number (DLC) 2025021575
942 ## - ADDED ENTRY ELEMENTS (KOHA)
Source of classification or shelving scheme Dewey Decimal Classification
Koha item type BOOK
Holdings
Withdrawn status Lost status Source of classification or shelving scheme Damaged status Not for loan Collection code Home library Current library Shelving location Date acquired Source of acquisition Total Checkouts Total Renewals Full call number Barcode Checked out Date last seen Date checked out Cost, replacement price Price effective from Koha item type
    Dewey Decimal Classification     General NonFiction Wasatch County Library Wasatch County Library Second Floor 10/27/2025 Ingram 4 4 811.6 McConaughey 34301002104026 05/02/2026 03/06/2026 03/06/2026 29.00 10/27/2025 BOOK
This project was made possible through a grant from the Institute of Museum and Library Service administered by the Utah State Library Division.

Wasatch County Library

  • 465 East 1200 South, Heber City, Utah 84032
  • Phone 435-654-1511 | Fax 435-654-6456

Hours

  • Monday - Friday 9:30 AM - 8:00 PM
  • Saturday 9:30 AM - 1:30 PM
  • Closed Sundays and Holidays